BIBLIOTHÈQUE DE LA MAISON DU MEXIQUE

Logo 1 Logo 2

La mejor novela de V. Blasco Ibañez (notice nᵒ 2688)

détails MARC
000 -Sello discográfico
campo de control de longitud fija 00750nam a2200265 4500
005 - Identificación de versión
campo de control 20251016083354.0
010 ## - Número Estándar Internacional de Libros (ISBN)
Número (ISBN) 84-7-199-063-6
035 ## - Otros números de control del sistema
Número de control del sistema 23763
099 ## - fechas locales
Tipo de ítem Koha LIBRO
100 ## - Datos de procesamiento general
Datos de procesamiento general 19980209d1977 m y1spay5003 ba
105 ## - Campo de datos codificados: Material textual, monográfico
Datos codificados de monografía a 001zb
200 1# - Título y mención de responsabilidad
Título propio La mejor novela de V. Blasco Ibañez
Designación general del material texto impreso
Otra información del título su vida
Primer mención de responsabilidad Pilar Tortosa
210 ## - Publicación, distribución, etc.
Lugar de publicación, distribución, etc. Valencia
Nombre del editor, distribuidor, etc. Prometeo
Fecha de publicación, distribución, etc. 1977
215 ## - Descripción física
Designación de material específico y extensión del ítem 575 p
Otras características físicas il., fot.
Dimensiones 21 cm
345 ## - Nota de información de adquisición
Fuente de adquisición/dirección de la suscripción [OBSOLETO] Donación de Vilma Fuentes
600 ## - Nombre personal usado como materia
Elemento de entrada Blasco Ibáñez
Parte del nombre distinta del elemento de entrada Vicente
Fechas 1867-1928
Número Koha 6014
660 ## - Código de área geográfica
Código MX
700 ## - Nombre personal - Responsabilidad primaria
Elemento de entrada Tortosa
Parte del nombre distinta del elemento de entrada Pilar
Número Koha 6015
801 #0 - Fuente de origen
Agencia cm
900 ## -
-- 1/15733
900 ## -
-- 710987300\\090298
942 ## - ELEMENTOS DE ENTRADA SECUNDARIOS (KOHA)
Tipo de ítem Koha Livre
996 ## -
-- MEX
-- 751145101
-- MMAG
-- 010247
-- 920 B644TO
-- 20240523LIV
Exemplaires
Estatus retirado Estado de daño Estado de pérdida Fecha de adquisición Biblioteca de origen Biblioteca actual Ubicación en estantería Código de barras Precio de reemplazo Signatura topográfica completa No para préstamo Tipo de ítem Koha Nota pública Nota no pública
      05/08/2025 Casa México Paris Casa México Paris   010247 05/08/2025 920 B644TO   Livre 20240523LIV 751145101